Beverly Hills 90210 Quiz Stats

 Plays Quiz not verified by Sporcle

Challenge
Share
Tweet
Embed
Score 0/15 Timer 08:00
0 Plays Today
Question Answer % Correct
What character did Andrea Zuckerman have a crush on?Brandon Walsh
85.2%
Which character was adopted?Steve Sanders
82.4%
Where is the group returning from when Kelly gets shot?Hawaii
74.7%
Who graduates?Donna Martin
69.6%
Who introduces Kelly to cocaine?Colin
67.7%
Who is Brandon with while Kelly is trapped in the house fire?Emily Valentine
66.4%
Who attempts to get married in Las Vegas?Brenda
64.5%
What fictional show did Samantha Sanders star in?The Hartley House
60.8%
Question Answer % Correct
What is the name of Dylan's supposed half-sister?Erica
57.6%
Which musical group does the gang attempt to find at a hotel?Color Me Badd
57.3%
What is the name of the girl David cheated on Donna with?Ariel
53.5%
What did Tara key into Val's car?Die Val
32.3%
How did David get so lucky?He waited.
28.4%
Who was not listed as part of the cast in the pilot episode?Tori Spelling
26.3%
Who date-raped Kelly Taylor during high school?John Sears
26.3%

You're not logged in!

Compare scores with friends on all Sporcle quizzes.
Join for Free
OR
Log In

You Might Also Like...

Show Comments

Extras

Top Quizzes Today


Score Distribution

Your Account Isn't Verified!

In order to create a playlist on Sporcle, you need to verify the email address you used during registration. Go to your Sporcle Settings to finish the process.

Report this User

Report this user for behavior that violates our Community Guidelines.

Details: